The Effect of Road Safety Measures on Subjective Safety among Vulnerable Road Users / (Record no. 2250)

000 -LEADER
fixed length control field 00369 a2200121 4500
020 ## - INTERNATIONAL STANDARD BOOK NUMBER
International Standard Book Number 9788248009603
022 ## - INTERNATIONAL STANDARD SERIAL NUMBER
International Standard Serial Number 08081190
082 ## - DEWEY DECIMAL CLASSIFICATION NUMBER
Classification number 363.125 REN
100 ## - MAIN ENTRY--PERSONAL NAME
Personal name Renson, Micheal S
245 ## - TITLE STATEMENT
Title The Effect of Road Safety Measures on Subjective Safety among Vulnerable Road Users /
Statement of responsibility, etc. Michael S Renson, Marjan Mosslemi
260 ## - PUBLICATION, DISTRIBUTION, ETC.
Date of publication, distribution, etc. 2009
300 ## - PHYSICAL DESCRIPTION
Extent vi, 140p. :
Other physical details ill. ;
Dimensions 30
650 ## - SUBJECT ADDED ENTRY--TOPICAL TERM
Topical term or geographic name entry element Road Safety
Holdings
Withdrawn status Lost status Damaged status Not for loan Permanent Location Current Location Shelving location Date acquired Total Checkouts Full call number Barcode Date last seen Price effective from Koha item type
        School of Civil and Environmental Engineering (SCEE) School of Civil and Environmental Engineering (SCEE)       363.125 REN NIT-6955 01/05/2017 01/05/2017 Book
© 2023 Central Library, National University of Sciences and Technology. All Rights Reserved.